| 000 | 01922cab a2200493 4500 | ||
|---|---|---|---|
| 001 | ABS58920 | ||
| 008 | 090401t1998 xxu||||| |||| 00| 0 eng d | ||
| 035 | _a(Sirsi) u86986 | ||
| 041 | _aeng | ||
| 100 | _aWilliams, D. | ||
| 245 | _aResidential tenancies: key issues | ||
| 260 | _c1998 | ||
| 350 | _a0 | ||
| 490 |
_aEstates Gazette _v(9823) 6 June 1998, 129-132(4) |
||
| 520 | _aReviews the way in which recent cases have affected residential tenancies. Considers how the Rent Act 1997 operates, how fair rents are determined, and the status of assured and assured shorthold tenancies. | ||
| 650 | _aASSURED TENANCY | ||
| 650 | _aBOYLE V VERRALL | ||
| 650 | _aBREWER V ANDREWS | ||
| 650 | _aBUSINESS PREMISES | ||
| 650 | _aCHURCH COMMISSIONERS FOR ENGLAND V BAINES | ||
| 650 | _aCURTIS AND OTHERS V LONDON RENT ASSESSMENT COMMITTEE AND OTHERS | ||
| 650 | _aELITESTONE LTD V MORRIS | ||
| 650 | _aFAIR RENTS | ||
| 650 | _aFITZPATRICK V STERLING HOUSING ASSOCIATION LTD | ||
| 650 | _aHEADLEASES | ||
| 650 | _aLAIMOND PROPERTIES V AL-SHAKARCHI | ||
| 650 | _aMUSTAFA V RUDDOCK | ||
| 650 | _aNORTHUMBERLAND AND DURHAM PROPERTY TRUST LTD V LONDON RENT ASSESSMENT COMMITTEE AND BORKOWSKI | ||
| 650 | _aNORTHUMBERLAND AND DURHAM PROPERTY TRUST LTD V LONDON RENT ASSESSMENT COMMITTEE AND BULLOCK | ||
| 650 | _aNORTHUMBERLAND AND DURHAM PROPERTY TRUST LTD V LONDON RENT ASSESSMENT COMMITTEE AND COWDERY AND ANOTHER | ||
| 650 | _aPROTECTED TENANT | ||
| 650 | _aREGISTERED | ||
| 650 | _aRENT ACT 1977 | ||
| 650 | _aRENT ASSESSMENT COMMITTEE | ||
| 650 | _aRENTAL VALUE | ||
| 650 | _aSECTION 20 NOTICES | ||
| 650 | _aSTATUTORY SUCCESSION | ||
| 650 | _aSUBLETTING | ||
| 650 | _aUJIMA HOUSING ASSOCIATION V ANSAH | ||
| 650 | _aUSER RESTRICTIONS | ||
| 690 | _aPROPERTY-RESIDENTIAL PROPERTY-RESIDENTIAL LANDLORD AND TENANT-RESIDENTIAL TENANCIES | ||
| 942 | _n0 | ||
| 948 | _c24/06/1998 | ||
| 999 |
_c54788 _d54788 |
||